000 00656nam a22002057a 4500
999 _c55315
_d55315
008 200212b ||||| |||| 00| 0 eng d
020 _a9780131897571
050 _aPE1408|
_b.F79 2008
100 _a Fulwiler, Toby,d1942-
245 _aThe college writer's reference /
_cToby Fulwiler, Alan R.Hayakawa
250 _a5th ed
260 _a Upper Saddle River, NJ :
_bPearson/Prentice Hall,
_c2008
300 _axiv, 507 p. :
_bill. ;
_c21 cm
500 _a Includes bibliographical references and indexes
650 _aEnglish language
650 _a Report writing
650 _aHandbooks, manuals,
650 _aRhetoric
942 _2lcc
_cBK